Me Rehúso - Danny Ocean - Estadísticas

Estadísticas generales
  • Esta prueba ha sido intentada 178 veces
  • La puntuación promedio es 275 de 357
Estadísticas de respuestas
Letra % Correcto
a
99%
Me
96%
que
96%
Que
96%
Ba
93%
Baby
92%
baby
92%
beso
92%
rehúso
92%
un
91%
Y
91%
y
91%
darte
90%
último
90%
es
89%
no
89%
Así
88%
así
88%
Para
88%
para
88%
guárdalo
86%
te
86%
lo
85%
la
84%
si
84%
Si
84%
cómo
82%
como
82%
de
82%
82%
haciéndolo
82%
próxima
82%
mi
81%
81%
vez
81%
ti
80%
Esta
79%
esta
79%
en
78%
tu
78%
78%
yo
77%
gusta
76%
por
76%
Con
73%
ya
73%
Ya
73%
71%
Sin
68%
sin
68%
destino
67%
estar
66%
le
66%
más
66%
Dime
65%
este
65%
los
65%
puedo
65%
amor
64%
estás
64%
frenesí
64%
Haciéndotelo
64%
ahí
63%
aquí
63%
quiero
63%
Solo
63%
solo
63%
girl
62%
locura
62%
nadie
62%
siento
62%
contigo
60%
dos
60%
el
60%
explico
60%
mirar
60%
atrás
59%
conmigo
59%
tengo
58%
al
57%
estamos
57%
junto
57%
Nena
57%
buscar
56%
hechos
56%
hacer
55%
real
55%
ser
55%
entiéndelo
54%
amigo
53%
haces
53%
olvidar
53%
química
53%
tiempo
53%
dame
52%
desprenderme
52%
mano
52%
piel?
52%
quise
52%
confía
51%
favor
51%
mujer?
51%
dale
49%
olvidarte
49%
vuelve
49%
camino
48%
cuando
48%
Pero
48%
Porque
48%
eres
47%
ilusioné
47%
canción
46%
haré
46%
voz
46%
discúlpame
43%
sigue
42%
todos
42%
pierdes
40%
mami
37%
Babylon
35%
aquellos
34%
amores
33%
separados
30%
fueron
26%
obligados
26%
Ese
25%
No se encontraron pruebas coincidentes
Distribución de puntuación
Porcentaje de gente con cada puntuación
Porcentaje por número respondido
Historial de tus puntuaciones
No has intentado esta prueba.